[Event "Titled Tue 11th Nov 2025"]
[Site "chess.com INT"]
[Date "2025.11.11"]
[Round "7"]
[White "Nakamura,Hi"]
[Black "Niemann,Hans Moke"]
[Result "1/2-1/2"]
[WhiteElo "2813"]
[BlackElo "2729"]

1.d4 Nf6 2.Nf3 d5 3.e3 c5 4.b3 cxd4 5.Nxd4 e5 6.Nf3 Nc6 7.Bb2 Bd6 8.Be2 O-O
9.O-O Qe7 10.Nbd2 Rd8 11.c4 dxc4 12.Nxc4 Bc7 13.Qc1 Bf5 14.Rd1 Ne4 15.Nfd2 Nf6
16.Nf3 h6 17.Rxd8+ Rxd8 18.Qe1 b5 19.Na3 a6 20.Rc1 Ba5 21.Qf1 Be4 22.Nb1 Nb4
23.Nxe5 Bc7 24.Nf3 Nxa2 25.Rd1 Nb4 26.Nc3 Rxd1 27.Qxd1 Bc2 28.Qc1 Bxb3 29.Ba3 Bd6
30.Nd4 Be6 31.Nxe6 Qxe6 32.Qd2 Be7 33.Nxb5 Ne4 34.Qb2 Qf5 35.f3 Qc5 36.Nd4 Nc3
37.Bxa6 Nd1 38.Qxb4 Qxb4 39.Bxb4 Bxb4 40.Nc2 Bc5 41.Kf1 Nxe3+ 42.Nxe3 Bxe3
43.h3 h5 44.g4 h4 45.Kg2 Bf4 46.Bd3 Kf8 47.Bc2 g6 48.Bd3 g5 49.Bc2 f6 50.Bf5 Ke7
51.Kf1 Kd6 52.Kg2 Ke5 53.Be4 Kd4 54.Bf5 Ke3 55.Be4 Kd4 56.Bf5 Kc5 57.Be4 Kd4  1/2-1/2

[Event "Titled Tue 11th Nov 2025"]
[Site "chess.com INT"]
[Date "2025.11.11"]
[Round "8"]
[White "Tang,Andrew"]
[Black "Nakamura,Hi"]
[Result "1-0"]
[WhiteElo "2548"]
[BlackElo "2813"]

1.d4 d5 2.Bf4 Nf6 3.Nf3 b6 4.e3 e6 5.Nbd2 Bd6 6.c3 O-O 7.h4 Bxf4 8.exf4 Ne4
9.h5 Bb7 10.h6 g6 11.Bd3 Nd7 12.Qe2 f5 13.g3 c5 14.O-O a6 15.Rfe1 Re8 16.Qe3 Qe7
17.Kg2 Rac8 18.Ng5 Nxg5 19.fxg5 e5 20.f4 cxd4 21.cxd4 e4 22.a3 b5 23.Be2 Rc2
24.Bd1 Rxb2 25.Qc3 Rxd2+ 26.Qxd2 Nb6 27.Bb3 Nc4 28.Qb4 Kf7 29.Rac1 Bc6 30.Re2 a5
31.Qc3 Kg8 32.a4 b4 33.Qc2 Qf7 34.Kg1 Bb7 35.Qd1 Ba6 36.Qe1 Rc8 37.Rec2 Qa7
38.Rd1 Kf7 39.Kh2 Rc6 40.Qf2 Qc7 41.Rdc1 Ke8 42.Qg2 Kd7 43.Qf2 Kc8 44.Qe1 Kb8
45.Qd1 Qd7 46.Qe1 Qa7 47.Qf2 Qb6 48.Rd1 Ka7 49.Qe1 Kb8 50.Kh3 Rc7 51.Qf2 Rc8
52.Rcc1 Rc7 53.Re1 Rc8 54.Red1 Rc7 55.Qg1 Rc8 56.g4 fxg4+ 57.Kh2 Rf8 58.Qg3 Rf5
59.Rc2 Qd6 60.Rf2 e3 61.Rg2 Qxf4 62.Bc2 Qxg3+ 63.Kxg3 Rf3+ 64.Kxg4 Rf2 65.Rdg1 Rf7
66.Kg3 Bc8 67.Re1 Bf5 68.Bb3 Re7 69.Rge2 Bd3 70.Rg2 e2 71.Rf2 Re3+ 72.Rf3 Rxf3+
73.Kxf3 Nd2+ 74.Ke3 Nxb3 75.Kxd3 Kc7 76.Kxe2 Nxd4+ 77.Kd3 Nf5 78.Re6 Kd7
79.Rf6 b3 80.Rf7+ Kc6 81.Rxh7 d4 82.Rh8 Kb7 83.Re8 b2 84.Re1 Ne7 85.h7 Nd5
86.h8=Q Nb4+ 87.Kxd4 Nc2+ 88.Kc5 Nxe1 89.Qxb2+ Kc8 90.Qh8+ Kd7 91.Qg7+ Kc8
92.Kc6 Nf3 93.Qd7+ Kb8 94.Qb7+  1-0

[Event "Titled Tue 11th Nov 2025"]
[Site "chess.com INT"]
[Date "2025.11.11"]
[Round "9"]
[White "Nakamura,Hi"]
[Black "Aravindh,Chithambaram VR."]
[Result "1-0"]
[WhiteElo "2813"]
[BlackElo "2713"]

1.Nf3 Nf6 2.d4 d5 3.e3 c6 4.Bd3 Bg4 5.Nbd2 e6 6.b3 Nbd7 7.Bb2 Bd6 8.h3 Bh5
9.c4 Qe7 10.Qc2 Ba3 11.Bxa3 Qxa3 12.O-O Qd6 13.b4 O-O 14.c5 Qc7 15.b5 e5
16.bxc6 bxc6 17.Bf5 e4 18.Nh2 Rfe8 19.Rfe1 Nf8 20.Rab1 g6 21.Bg4 Bxg4 22.hxg4 Ne6
23.Rb2 Rab8 24.Reb1 Kg7 25.Qa4 Rxb2 26.Rxb2 h5 27.gxh5 Rh8 28.Qa6 Rxh5 29.Ndf1 Nd8
30.Qa4 Rh8 31.Qb3 Qd7 32.Qb8 Qf5 33.Qxa7 Ne6 34.Rb8 Rh4 35.Ng3 Qg5 36.Qe7 Rxh2
37.Rb7 Rh7 38.Qxe6  1-0

[Event "Titled Tue 11th Nov 2025"]
[Site "chess.com INT"]
[Date "2025.11.11"]
[Round "10"]
[White "Tabatabaei,M"]
[Black "Nakamura,Hi"]
[Result "1/2-1/2"]
[WhiteElo "2681"]
[BlackElo "2813"]

1.c4 e5 2.g3 Nf6 3.Bg2 c6 4.Nf3 e4 5.Nd4 Qb6 6.e3 d5 7.cxd5 cxd5 8.Nc3 Nc6
9.Nxc6 bxc6 10.d3 Ba6 11.dxe4 Bb4 12.e5 Nd7 13.f4 Nc5 14.Bf1 Ne4 15.Bxa6 Nxc3
16.bxc3 Bxc3+ 17.Bd2 Bxa1 18.Bd3 Bb2 19.Kf2 d4 20.Qg4 dxe3+ 21.Bxe3 Bd4 22.Re1 O-O
23.f5 Rad8 24.f6 g6 25.Kf3 Bxe3 26.Rxe3 Qb2 27.Qh4 h5 28.Qg5 Rxd3 29.Rxd3 Qxh2
30.Qh6 Qh1+ 31.Kf2 Qh2+ 32.Kf3 Qh1+ 33.Kf2 Qh2+ 34.Ke1 Qg1+ 35.Kd2 Qf2+ 36.Kd1 Qf1+
37.Kc2 Qf2+ 38.Rd2 Qc5+ 39.Kd1 Qg1+ 40.Kc2 Qc5+ 41.Kd1 Qg1+ 42.Kc2 Qc5+  1/2-1/2

[Event "Titled Tue 11th Nov 2025"]
[Site "chess.com INT"]
[Date "2025.11.11"]
[Round "11"]
[White "Svane,R"]
[Black "Nakamura,Hi"]
[Result "0-1"]
[WhiteElo "2609"]
[BlackElo "2813"]

1.Nf3 f6 2.d4 g6 3.e4 Nh6 4.c4 Nf7 5.Nc3 Bg7 6.Be2 d6 7.Be3 O-O 8.d5 c5 9.Qd2 a6
10.a4 f5 11.exf5 Bxf5 12.O-O Bc8 13.Rae1 Nd7 14.Ng5 Nf6 15.Nxf7 Rxf7 16.Bh6 Bh8
17.h3 Bd7 18.Bd3 Nh5 19.Re2 Qa5 20.Rfe1 Re8 21.Qc1 Be5 22.Rxe5 dxe5 23.Rxe5 Qc7
24.Rxh5 gxh5 25.Qg5+ Kh8 26.Qxh5 Kg8 27.Ne4 Qb6 28.Ng5 Qf6 29.Nxf7 Qxf7 30.Qg5+ Kh8
31.Qe3 e5 32.Qxc5 Qf6 33.Be3 Rg8 34.Kf1 Bf5 35.Qa3 Qg6 36.Bxf5 Qxf5 37.g4 Qf3
38.Qc3 Qxh3+ 39.Ke1 Re8 40.g5 Qf5 41.d6 Kg7 42.c5 Kg6 43.Qb3 Qd7 44.Qd3+ Qf5
45.Qb3 Qd7 46.Qd5 Qc6 47.Qxc6 bxc6 48.Kd2 Kf5 49.b4 Ke6 50.Kc3 Kd5 51.Kd3 Rf8
52.Kc3 Rb8 53.Bd2 a5 54.bxa5 Kxc5 55.d7 Kd6 56.a6 Kxd7 57.a7 Rf8 58.Be3 Kc7
59.Kc4 Rd8 60.a5 Kb7 61.Kc3 e4 62.Kc4 Rd5 63.Kb4 Rb5+ 64.Ka4 Rb1 65.Bc5 Rb2
66.Be3 Rb5 67.Bd4 Rxg5 68.a6+ Ka8 69.Be3 Rd5 70.Kb4 h5 71.Kc4 h4 72.Bf4 h3  0-1

[Event "2nd 3-0 Thu 13th Nov 2025"]
[Site "chess.com INT"]
[Date "2025.11.13"]
[Round "1"]
[White "Manvelyan,Mikayel"]
[Black "Nakamura,Hi"]
[Result "0-1"]
[WhiteElo "2386"]
[BlackElo "2813"]

1.e4 g6 2.h4 c5 3.h5 Bg7 4.d3 Nc6 5.Nc3 Nh6 6.Be2 d6 7.Be3 Rb8 8.a4 a6 9.Qd2 Ng4
10.Bxg4 Bxg4 11.hxg6 hxg6 12.Rxh8+ Bxh8 13.f3 Bd7 14.Nge2 b5 15.axb5 axb5
16.Kf2 Be6 17.Rh1 Kd7 18.d4 cxd4 19.Nxd4 Bxd4 20.Bxd4 Qa5 21.Be3 Ne5 22.b3 Rc8
23.Bd4 Nc6 24.Be3 f6 25.Rc1 g5 26.Ne2 Qxd2 27.Bxd2 Ra8 28.Bc3 Ra2 29.Ke3 b4
30.Bd2 Bf7 31.Kd3 d5 32.exd5 Bxd5 33.Ke3 Bf7 34.Nd4 Nxd4 35.Kxd4 Bxb3 36.Bxb4 Bxc2
37.g3 e5+ 38.Ke3 Ba4 39.f4 Bb5 40.fxe5 fxe5 41.Bc3 Ke6 42.Re1 g4 43.Ke4 Ra4+
44.Ke3 Bc6 45.Kd3 Bb5+ 46.Kd2 e4 47.Ke3 Ra3 48.Rc1 Kd5 49.Kf4 Be2 50.Bf6 Rf3+
51.Kg5 Rxg3 52.Re1 Bd3 53.Be7 Rg2 54.Kf4 g3 55.Bh4 Ra2 56.Bxg3 Ra8 57.Bf2 Rf8+
58.Kg3 Rf3+  0-1

[Event "1st 3-0 Thursday Nov 13th 2025"]
[Site "chess.com INT"]
[Date "2025.11.13"]
[Round "1"]
[White "Vlassov,N"]
[Black "Nakamura,Hi"]
[Result "0-1"]
[WhiteElo "2301"]
[BlackElo "2813"]

1.e4 g6 2.d4 Bg7 3.Nc3 a6 4.h4 h6 5.h5 g5 6.f4 gxf4 7.Bxf4 d6 8.Nf3 Bg4 9.Qd2 Nf6
10.O-O-O Nxh5 11.Be3 Ng3 12.Rh4 Nxf1 13.Rxf1 h5 14.Ng5 Bf6 15.Qf2 Nd7 16.Nd5 c6
17.Nxf6+ exf6 18.Nh3 Qe7 19.Qf4 O-O-O 20.Nf2 f5 21.Rfh1 Rhe8 22.Nxg4 hxg4
23.Qxf5 Qxe4 24.Qxe4 Rxe4 25.Bf2 Rg8 26.Rh8 Rxh8 27.Rxh8+ Kc7 28.Kd2 Rf4
29.Be3 Rf5 30.Rg8 b5 31.Rxg4 Nb6 32.b3 Nd5 33.c4 Nb6 34.Kd3 bxc4+ 35.bxc4 Ra5
36.Rg7 Ra3+ 37.Ke4 Nxc4 38.Rxf7+ Kb6 39.Bf2 d5+ 40.Kf4 Rxa2 41.Bh4 Rxg2 42.Bd8+ Kb5
43.Rb7+ Ka4 44.Ra7 a5 45.Ra6 Kb5 46.Ra7 Re2 47.Rb7+ Ka4 48.Rc7 Re4+ 49.Kf3 Re6
50.Kf4 Kb3 51.Rb7+ Kc2 52.Kf5 Re8 53.Bc7 Re7 54.Kf6 Rh7  0-1

[Event "1st 3-0 Thursday Nov 13th 2025"]
[Site "chess.com INT"]
[Date "2025.11.13"]
[Round "2"]
[White "Nakamura,Hi"]
[Black "Lobanov,Sergei"]
[Result "1-0"]
[WhiteElo "2813"]
[BlackElo "2526"]

1.Nf3 d5 2.e3 Nf6 3.d4 e6 4.b3 Be7 5.Bb2 O-O 6.Bd3 b6 7.O-O Bb7 8.Nbd2 Nbd7
9.c4 c5 10.Qe2 Rc8 11.Rac1 Qc7 12.cxd5 exd5 13.Bf5 Rcd8 14.Rfd1 Qb8 15.dxc5 bxc5
16.Nf1 Rfe8 17.Ng3 Bd6 18.Qc2 g6 19.Bxd7 Nxd7 20.Nd2 Rc8 21.Ba1 h5 22.Qb2 Be5
23.Qa3 Bd6 24.Qb2 Be5 25.Qb1 Bd6 26.Ngf1 h4 27.h3 Ba8 28.Qb2 Be5 29.Qc2 Bd6
30.Nf3 d4 31.Nxh4 Be7 32.Nf3 Bxf3 33.gxf3 Ne5 34.Nh2 dxe3 35.fxe3 Bf6 36.f4 Re6
37.fxe5 Bxe5 38.Bxe5 Qxe5 39.Ng4 Qg5 40.Qg2 f5 41.Nf2 Qh4 42.Rd7 Rcc6 43.Rcd1 Kf8
44.Rxa7 Red6 45.Rxd6 Rxd6 46.Qa8+ Rd8 47.Qb7 Qg3+ 48.Kf1  1-0

[Event "2nd 3-0 Thu 13th Nov 2025"]
[Site "chess.com INT"]
[Date "2025.11.13"]
[Round "2"]
[White "Nakamura,Hi"]
[Black "Perez Ponsa,F"]
[Result "1-0"]
[WhiteElo "2813"]
[BlackElo "2528"]

1.Nf3 Nf6 2.d4 g6 3.b3 Bg7 4.Bb2 O-O 5.e3 c6 6.c4 d5 7.Bd3 Bg4 8.Nbd2 Nbd7
9.h3 Bxf3 10.Nxf3 Qa5+ 11.Qd2 Qxd2+ 12.Kxd2 e6 13.Rhc1 Rfe8 14.b4 Bf8 15.a3 Rac8
16.Rab1 Ne4+ 17.Ke2 f5 18.c5 a6 19.a4 Bg7 20.b5 axb5 21.axb5 e5 22.Kf1 exd4
23.exd4 Nf8 24.bxc6 bxc6 25.Ba1 Ne6 26.Rb6 Nf4 27.Ba6 Rc7 28.Bb2 g5 29.Ra1 g4
30.Nh4 gxh3 31.gxh3 Bf6 32.Nxf5 Nd2+ 33.Kg1 Nf3+ 34.Kh1 Kh8 35.Rb7 Rxb7 36.Bxb7 Rg8
37.Ra8 Bd8 38.Ng3 h5 39.Bc1 Nd3 40.Be3 h4 41.Ne2 Nde1 42.Bxc6 Rg2 43.Rxd8+ Kg7
44.Rg8+ Kxg8 45.Bxd5+ Kh8 46.Bxf3 Rg8 47.Be4 Re8 48.Nc3  1-0

[Event "2nd 3-0 Thu 13th Nov 2025"]
[Site "chess.com INT"]
[Date "2025.11.13"]
[Round "3"]
[White "Moussard,J"]
[Black "Nakamura,Hi"]
[Result "0-1"]
[WhiteElo "2600"]
[BlackElo "2813"]

1.e4 g6 2.d4 Bg7 3.Nc3 a6 4.Nf3 d6 5.Bd3 b5 6.O-O Nd7 7.a4 b4 8.Ne2 Ngf6
9.h3 e5 10.c3 bxc3 11.bxc3 O-O 12.Ng3 Re8 13.Re1 a5 14.Rb1 Nb6 15.Bb5 Bd7
16.d5 Bxb5 17.Rxb5 Nfd7 18.Be3 Qc8 19.Qd3 Nxa4 20.Ra1 Nac5 21.Qc2 a4 22.Nd2 Qa6
23.c4 c6 24.dxc6 Qxc6 25.Ne2 Nb3 26.Nxb3 axb3 27.Rxa8 bxc2 28.Rxe8+ Bf8 29.Bh6 f5
30.Bxf8 Kf7 31.Re7+ Kxf8 32.Rxh7 Qxc4 33.Ra5 Nf6 34.Ra8+ Ne8 35.Nc1 Qxe4
36.Rh8+ Kg7 37.Rhxe8 Qe1+ 38.Kh2 Qxc1 39.Ra7+ Kf6  0-1

[Event "1st 3-0 Thursday Nov 13th 2025"]
[Site "chess.com INT"]
[Date "2025.11.13"]
[Round "3"]
[White "Taher,Yoseph Theolifus"]
[Black "Nakamura,Hi"]
[Result "1-0"]
[WhiteElo "2451"]
[BlackElo "2813"]

1.c4 g6 2.Nc3 Bg7 3.g3 d6 4.Bg2 c5 5.e3 Nc6 6.Nge2 Bd7 7.d4 Qc8 8.h3 h5 9.b3 Nh6
10.Bb2 Nf5 11.Ne4 O-O 12.Qd2 b6 13.O-O Nh6 14.Kh2 Qc7 15.d5 Nd8 16.Bxg7 Kxg7
17.Nf4 Kg8 18.Rac1 Bf5 19.Nc3 Bd7 20.Ne4 Nf5 21.Rfd1 Ng7 22.Nc3 g5 23.Nfe2 f6
24.e4 Nf7 25.f4 Rae8 26.a4 h4 27.gxh4 gxh4 28.Qe3 f5 29.Qf2 e5 30.dxe6 Bxe6
31.Rg1 Qe7 32.Bf3 Kh7 33.Rg2 Rg8 34.Rcg1 Qf6 35.Rg6 Qxg6 36.Rxg6 Kxg6 37.Qxh4 Rh8
38.Qe1 Rh6 39.Bg2 Kh7 40.Ng3 Nh8 41.Qd2 Ng6 42.Nd5 Bxd5 43.cxd5 Nh4 44.e5 Rg6
45.Bh1 Rh6 46.Qd3 Rf8 47.e6 Ng6 48.Qe3 Ne7 49.a5 Ne8 50.Qd3 Kg6 51.Qa6 bxa5
52.Qxa7 Rh7 53.Qxa5 Nf6 54.Qe1 Rfh8 55.Bg2 Rb8 56.Qc3 Rb4 57.Qd3 Rd4 58.Qa6 Nexd5
59.Qxd6 Nxf4 60.Qxc5 Ng4+ 61.Kg1 Rd1+ 62.Bf1 Nxh3+ 63.Kg2 Rd2+ 64.Be2 Ng5
65.Qxf5+ Kh6 66.Qxg4 Kg6 67.Qf5+  1-0

[Event "2nd 3-0 Thu 13th Nov 2025"]
[Site "chess.com INT"]
[Date "2025.11.13"]
[Round "4"]
[White "Nakamura,Hi"]
[Black "Theodorou,Nikolas"]
[Result "1/2-1/2"]
[WhiteElo "2813"]
[BlackElo "2656"]

1.Nf3 b6 2.e4 Bb7 3.Nc3 d6 4.d4 Nd7 5.Bc4 e6 6.Bb3 Ne7 7.Qe2 g6 8.h4 h6 9.O-O Bg7
10.Be3 O-O 11.Rad1 Nf6 12.Bc1 d5 13.e5 Ne4 14.h5 gxh5 15.Nh2 f5 16.exf6 Rxf6
17.Nxe4 dxe4 18.Qxh5 Qe8 19.Qh3 Nf5 20.Ng4 Rg6 21.Ne5 Bxe5 22.Qxf5 e3 23.f3 e2
24.dxe5 exd1=Q 25.Rxd1 Bd5 26.Bxd5 exd5 27.Rxd5 Qe6 28.Qxe6+ Rxe6 29.f4 Ree8
30.f5 Rad8 31.Rxd8 Rxd8 32.Bxh6 Rd5 33.Bf4 c5 34.Kf2 c4 35.g4 b5 36.g5 b4
37.g6 Kg7 38.c3 a5 39.Ke3 a4 40.Ke4 Rd1 41.e6 Re1+ 42.Kd5 a3 43.bxa3 b3 44.axb3 cxb3
45.e7 Rxe7 46.Bc1 Re2 47.Kc4 Rc2 48.Kxb3 Rxc1 49.a4 Rf1 50.a5 Rxf5 51.Kb4 Rf4+
52.Kb5 Rf1 53.a6 Rb1+ 54.Kc6 Ra1 55.Kb6 Rb1+ 56.Ka5 Ra1+ 57.Kb5 Rb1+ 58.Kc6 Ra1
59.Kb7 Rb1+ 60.Ka8 Rc1 61.a7 Rxc3 62.Kb7 Rb3+ 63.Ka6 Ra3+ 64.Kb7 Rxa7+ 65.Kxa7 Kxg6  1/2-1/2

[Event "1st 3-0 Thursday Nov 13th 2025"]
[Site "chess.com INT"]
[Date "2025.11.13"]
[Round "4"]
[White "Nakamura,Hi"]
[Black "Sjugirov,S"]
[Result "1-0"]
[WhiteElo "2813"]
[BlackElo "2620"]

1.Nf3 Nf6 2.b3 b6 3.Bb2 Bb7 4.g3 e6 5.Bg2 c5 6.O-O Be7 7.e3 O-O 8.Qe2 d6
9.Rd1 Nbd7 10.c4 Rc8 11.Nc3 a6 12.Rac1 Qc7 13.d4 cxd4 14.exd4 Rfe8 15.d5 e5
16.Re1 Bf8 17.Bh3 g6 18.Nd2 Rcd8 19.b4 Bh6 20.Rc2 Qb8 21.Bc1 Bg7 22.Nb3 Ba8
23.Bg2 h6 24.a4 Kh7 25.Be3 Rc8 26.a5 bxa5 27.Nxa5 Qxb4 28.Nc6 Qb7 29.Ra1 e4
30.Rb2 Qc7 31.Rxa6 Bxc6 32.dxc6 Nc5 33.Bxc5 dxc5 34.Nb5 Qe5 35.c7 Re7 36.Rb3 Ne8
37.Na7 Rcxc7 38.Nc6 Qe6 39.Nxe7 Qxa6 40.Nd5 Rb7 41.Rxb7 Qxb7 42.Bxe4 Qa7
43.Qf3 Nd6 44.Bd3 Bd4 45.h4 Kg7 46.h5 Qa1+ 47.Kg2 Qe1 48.hxg6 fxg6 49.Nf4 Nf7
50.Nxg6  1-0

[Event "2nd 3-0 Thu 13th Nov 2025"]
[Site "chess.com INT"]
[Date "2025.11.13"]
[Round "5"]
[White "Nakamura,Hi"]
[Black "Fedoseev,Vl3"]
[Result "0-1"]
[WhiteElo "2813"]
[BlackElo "2717"]

1.Nf3 d5 2.d4 Nf6 3.e3 e6 4.b3 b6 5.Bb2 Bb7 6.Bd3 Bd6 7.O-O O-O 8.Nbd2 Nbd7
9.c4 Ne4 10.Rc1 Qe7 11.cxd5 exd5 12.Bb5 Rad8 13.Qc2 c5 14.dxc5 bxc5 15.Rfd1 Ndf6
16.Nxe4 Nxe4 17.Bd3 f5 18.Ba3 Rc8 19.Qb1 f4 20.exf4 Rxf4 21.Rc2 Rcf8 22.Re1 Rxf3
23.gxf3 Qg5+ 24.Kf1 Rxf3 25.Qd1 Qf4 26.Rxe4 dxe4 27.Bc4+ Kh8 28.Ke1 e3 29.fxe3 Qh4+
30.Kd2 Be4 31.Kc1 Qh6 32.Re2 Rxe3 33.Qd2 Rxe2 34.Qxh6 Rc2+  0-1

[Event "1st 3-0 Thursday Nov 13th 2025"]
[Site "chess.com INT"]
[Date "2025.11.13"]
[Round "5"]
[White "Bryakin,M"]
[Black "Nakamura,Hi"]
[Result "1/2-1/2"]
[WhiteElo "2476"]
[BlackElo "2813"]

1.Nf3 g6 2.d4 Bg7 3.c4 d6 4.Nc3 Nc6 5.g3 Bd7 6.Bg2 Qc8 7.O-O Bh3 8.Bf4 h5
9.d5 Bxg2 10.Kxg2 Nd8 11.h4 Bxc3 12.bxc3 c5 13.e4 f6 14.a4 Nh6 15.Bxh6 Rxh6
16.a5 Kf7 17.Qd2 Kg7 18.Ne1 e5 19.f4 Nf7 20.f5 g5 21.Nf3 g4 22.Ne1 Rh8 23.Nd3 Qc7
24.Rfb1 Rhb8 25.Qa2 Nh6 26.Rb5 Ng8 27.Rab1 Ne7 28.R5b2 Nc8 29.Qa4 Ne7 30.Qa2 Qd7
31.Rb5 Qc7 32.R5b2  1/2-1/2

[Event "2nd 3-0 Thu 13th Nov 2025"]
[Site "chess.com INT"]
[Date "2025.11.13"]
[Round "6"]
[White "Mahdavi,Reza"]
[Black "Nakamura,Hi"]
[Result "1/2-1/2"]
[WhiteElo "2492"]
[BlackElo "2813"]

1.e4 e6 2.d4 d5 3.e5 c5 4.c3 Qb6 5.Nf3 Bd7 6.Be2 cxd4 7.cxd4 Bb5 8.Nc3 Bb4
9.Bd2 Bxc3 10.Bxc3 Bxe2 11.Qxe2 Qa6 12.Qxa6 Nxa6 13.Ke2 Ne7 14.Rhc1 Kd7 15.Ne1 f6
16.Nd3 Rhc8 17.a4 b6 18.b4 Nc7 19.b5 a6 20.bxa6 Rxa6 21.Kd2 Nc6 22.Rab1 fxe5
23.dxe5 d4 24.Ba1 Nd5 25.Rc4 Rca8 26.Bxd4 Rxa4 27.Rxa4 Rxa4 28.Bxb6 Ra2+
29.Ke1 Ra3 30.Nc5+ Ke7 31.Ne4 Ra2 32.Bc5+ Kf7 33.Ng5+ Kg6 34.Nxe6 Nxe5 35.Kf1 Kf6
36.Nd4 Nd3 37.Nb3 h5 38.Bd4+ Kf5 39.Nc5 Nxc5 40.Bxc5 Nc3 41.Rc1 Ne4 42.Be3 Nd2+
43.Kg1 Nb3 44.Rb1 Ra1 45.Rxa1 Nxa1  1/2-1/2

[Event "1st 3-0 Thursday Nov 13th 2025"]
[Site "chess.com INT"]
[Date "2025.11.13"]
[Round "6"]
[White "Nakamura,Hi"]
[Black "Schnaider,Ilan"]
[Result "1-0"]
[WhiteElo "2813"]
[BlackElo "2401"]

1.Nf3 d5 2.d4 Nf6 3.e3 c6 4.Bd3 Bg4 5.Nbd2 e6 6.O-O Nbd7 7.c3 Be7 8.e4 dxe4
9.Nxe4 Nxe4 10.Bxe4 Nf6 11.Bd3 O-O 12.h3 Bh5 13.Re1 Qc7 14.Bg5 Rad8 15.Qe2 Nd5
16.Bxe7 Qxe7 17.Be4 Nf6 18.Bc2 c5 19.dxc5 Qxc5 20.Qe5 Qxe5 21.Nxe5 Rd2 22.Rac1 Rfd8
23.Nc4 R2d5 24.f3 Bg6 25.Bb3 b5 26.Ne5 Rd2 27.Nc6 R8d6 28.Rcd1 Kf8 29.Nxa7 Rxd1
30.Rxd1 Rb6 31.Rd8+ Ne8 32.a4 b4 33.a5 Rb7 34.Ba4 f6 35.Nc8 bxc3 36.bxc3 Rb8
37.a6 Ra8 38.a7 e5 39.Bxe8  1-0

[Event "2nd 3-0 Thu 13th Nov 2025"]
[Site "chess.com INT"]
[Date "2025.11.13"]
[Round "7"]
[White "Nakamura,Hi"]
[Black "Bortnyk,Olexandr"]
[Result "1/2-1/2"]
[WhiteElo "2813"]
[BlackElo "2601"]

1.d4 Nf6 2.Bg5 g6 3.Bxf6 exf6 4.e3 c6 5.c4 d5 6.cxd5 Qxd5 7.Nc3 Qa5 8.Bc4 Be7
9.Ne2 O-O 10.a3 Nd7 11.O-O Nb6 12.b4 Qg5 13.Bb3 Bg4 14.Qd2 Rad8 15.f3 Bc8
16.Qd3 f5 17.e4 Bd6 18.e5 Bc7 19.Rad1 Qe7 20.Qe3 Be6 21.Bxe6 fxe6 22.Kh1 Nc4
23.Qc1 b5 24.Nf4 a5 25.bxa5 Bxa5 26.Nce2 Rfe8 27.a4 Qa3 28.Qxa3 Nxa3 29.axb5 cxb5
30.d5 exd5 31.Nxd5 Rxe5 32.Nef4 Kf7 33.h4 h6 34.Ra1 b4 35.Rfe1 Rdxd5 36.Nxd5 Rxd5
37.Rec1 Ke6 38.Rc6+ Rd6 39.Rc5 Bb6 40.Rc8 Bd4 41.Re1+ Kf7 42.Rc7+ Kf6 43.g4 fxg4
44.fxg4 Be5 45.Rc5 Bc3 46.g5+ hxg5 47.hxg5+ Kf7 48.Rc7+ Kf8 49.Rc8+ Kf7 50.Rc7+ Kf8
51.Rc8+ Kf7 52.Rc7+  1/2-1/2

[Event "1st 3-0 Thursday Nov 13th 2025"]
[Site "chess.com INT"]
[Date "2025.11.13"]
[Round "7"]
[White "Nakamura,Hi"]
[Black "Aravindh,Chithambaram VR."]
[Result "1-0"]
[WhiteElo "2813"]
[BlackElo "2713"]

1.Nf3 Nf6 2.d4 g6 3.b3 Bg7 4.Bb2 O-O 5.e3 b6 6.Be2 Bb7 7.O-O d6 8.c4 Nbd7
9.Qc2 e6 10.Nc3 d5 11.Rfd1 c5 12.dxc5 bxc5 13.cxd5 exd5 14.Rac1 Rc8 15.Qb1 Re8
16.Rc2 Qc7 17.Qa1 Qb8 18.Na4 d4 19.exd4 Ng4 20.d5 Bh6 21.Bf1 c4 22.bxc4 Ba6
23.Bd4 Bf4 24.g3 Bc7 25.c5 Bxf1 26.Rxf1 Qb4 27.Nc3 Nxc5 28.Qd1 Bb6 29.h3 Nh6
30.d6 Nd7 31.Bxb6 axb6 32.Nd5 Qxd6 33.Rd2 Ne5 34.Kg2 Nc4 35.Rd4 Nf5 36.Qd3 Nxd4
37.Qxd4 Ne5 38.Rd1 Kg7 39.Ng5 Rcd8 40.Qf4 f6 41.Ne4 Qc6 42.Nexf6 Re6 43.Nh5+ gxh5
44.Qg5+ Ng6 45.Qxd8 Rd6 46.Qg5 Qc5 47.Kg1 Qc2 48.Rd2 Qc1+ 49.Kh2 h4 50.gxh4 h6
51.Qe3 Qc6 52.Qd4+ Kh7 53.h5 Ne7 54.Qe4+ Kg8 55.Nxe7+  1-0

[Event "2nd 3-0 Thu 13th Nov 2025"]
[Site "chess.com INT"]
[Date "2025.11.13"]
[Round "8"]
[White "Nakamura,Hi"]
[Black "Sklokin,Sergey"]
[Result "1-0"]
[WhiteElo "2813"]
[BlackElo "2379"]

1.Nf3 c5 2.e4 e6 3.c3 Nf6 4.Bd3 d5 5.e5 Nfd7 6.Bc2 d4 7.O-O Nc6 8.Re1 g5
9.cxd4 cxd4 10.Ba4 g4 11.Bxc6 bxc6 12.Nxd4 Nxe5 13.Nxe6 Bxe6 14.Rxe5 Bd6
15.Re1 Qh4 16.g3 Qh3 17.Nc3 h5 18.Qa4 Rc8 19.Qd4 Ke7 20.d3 c5 21.Bg5+ Kd7
22.Qa4+ Rc6 23.Qxa7+ Bc7 24.Bh4 Rb8 25.Ne4 Bd5 26.Qa4 Kc8 27.Rac1 Rb4 28.Qa8+ Rb8
29.Qa4 Rb4 30.Qc2 f5 31.a3 Rd4 32.f3 gxf3 33.Ng5 Qg4 34.h3 Bxg3 35.hxg4 Bxh4
36.Ne4 fxe4 37.dxe4 f2+ 38.Qxf2 Bxf2+ 39.Kxf2 Bxe4 40.Rcd1 Rxd1 41.Rxd1 hxg4
42.Ke3 Bf3 43.Rc1 Re6+ 44.Kf4 Kb7 45.Rxc5  1-0

[Event "1st 3-0 Thursday Nov 13th 2025"]
[Site "chess.com INT"]
[Date "2025.11.13"]
[Round "8"]
[White "Niemann,Hans Moke"]
[Black "Nakamura,Hi"]
[Result "0-1"]
[WhiteElo "2729"]
[BlackElo "2813"]

1.e4 c5 2.Nf3 g6 3.Bc4 Bg7 4.c3 e6 5.d4 cxd4 6.cxd4 d5 7.exd5 exd5 8.Bb3 Ne7
9.h3 O-O 10.O-O Nbc6 11.Nc3 h6 12.Re1 Be6 13.Be3 Nf5 14.Rc1 Rc8 15.Qd2 Nxe3
16.Qxe3 Na5 17.Ne5 Nxb3 18.axb3 Re8 19.Qd2 g5 20.Na4 f6 21.Nf3 b6 22.Nc3 Qd7
23.Re3 Bf7 24.Nd1 Rxc1 25.Qxc1 Bf8 26.Rxe8 Bxe8 27.Ne3 Bg6 28.Qc3 a5 29.Qc1 h5
30.Nh2 Kg7 31.Nhf1 f5 32.Nd1 Be7 33.Nc3 Bf6 34.Qd2 f4 35.h4 Qf5 36.hxg5 Bxg5
37.Qd1 f3 38.Ng3 Qf7 39.gxf3 h4 40.Nf1 Qe6 41.Nh2 Bh5 42.Ng4 Bf4 43.Kg2 Bd6
44.Kh3 Qf5 45.Qe2 Qf4 46.Ne5 Bxe5 47.Qxe5+ Qxe5 48.dxe5 d4 49.Ne4 Bxf3 50.Nd2 Bd1
51.Kxh4 Kg6 52.f4 Kf5 53.e6 Kxe6 54.Kg5 Bc2 55.Kg4 b5 56.Kg5 Bh7 57.Kh6 Bd3
58.Kg5 Bc2 59.Nf3 Kd5 60.f5 Bxb3 61.Nd2 Bc2 62.f6 Ke6 63.Nf3 d3 64.Nd4+ Kf7
65.Nf3 b4 66.Ne5+ Ke6 67.Nc4 a4 68.Kf4 a3 69.bxa3 bxa3 70.Nxa3 d2 71.Nxc2 d1=Q
72.Ne3 Qd4+ 73.Kf3 Qxf6+ 74.Ke2 Qd8 75.Ng2 Qa8 76.Kf2 Qa2+ 77.Kf3 Ke5 78.Ne3 Qb3  0-1

[Event "1st 3-0 Thursday Nov 13th 2025"]
[Site "chess.com INT"]
[Date "2025.11.13"]
[Round "9"]
[White "Nakamura,Hi"]
[Black "Martinez Alcantara,Jose Eduardo"]
[Result "1-0"]
[WhiteElo "2813"]
[BlackElo "2644"]

1.e4 e5 2.Bc4 Nf6 3.d3 Bc5 4.Nc3 d6 5.h3 Be6 6.Nge2 h6 7.O-O Nbd7 8.Bb3 O-O
9.Kh1 Bxb3 10.axb3 a6 11.f4 Re8 12.Ng3 exf4 13.Bxf4 Nf8 14.Qf3 Bd4 15.Nf5 Ne6
16.Bh2 Kh7 17.Rae1 Be5 18.Qf2 Bxh2 19.Kxh2 Nd7 20.d4 Nef8 21.Re3 g6 22.Ng3 f6
23.Nd5 Kg7 24.Rf3 Nh7 25.h4 h5 26.Nf4 Ndf8 27.d5 Re5 28.Nd3 Re8 29.Re1 Kh8
30.Nf4 Qd7 31.Nfe2 Qg7 32.Nd4 Re5 33.Rfe3 Rae8 34.Nf3 R5e7 35.Nf1 Nd7 36.Kg1 Nhf8
37.N1d2 Kg8 38.Nd4 Ne5 39.R3e2 Ng4 40.Qf4 Qh6 41.Qxh6 Nxh6 42.b4 Ng4 43.N2b3 Nd7
44.Na5 Rb8 45.c4 Nde5 46.Rd1 Nf7 47.Ne6 Nfe5 48.c5 b6 49.cxd6 cxd6 50.Nb3 Rc8
51.Nbd4 b5 52.Ra1 Ra7 53.Rc2 Rxc2 54.Nxc2 Ra8 55.Kf1 Rc8 56.Ned4 Ra8 57.Nxb5 Rc8
58.Nbd4 Nc4 59.Ke2 Ra8 60.b5 a5 61.b3 Nb6 62.Nc6 Ne5 63.Rxa5 Re8 64.Nxe5 Rxe5
65.Kd3 Nd7 66.b4 f5 67.exf5 Rxd5+ 68.Kc3 Rxf5 69.Ne3 Rf8 70.Nc4 Nf6 71.Nxd6 Nd5+
72.Kd4 Nb6 73.Kc5 Nd7+ 74.Kc6 Nf6 75.b6 Ng4 76.b7 Nf6 77.Ra8 Nd7 78.Rxf8+ Nxf8
79.b8=Q Kg7 80.Qe8 Nh7 81.Qf7+ Kh6 82.Ne4 g5 83.hxg5+ Nxg5 84.Qf6+ Kh7 85.Nxg5+ Kg8
86.Qf7+ Kh8 87.Qh7+  1-0

[Event "2nd 3-0 Thu 13th Nov 2025"]
[Site "chess.com INT"]
[Date "2025.11.13"]
[Round "9"]
[White "Taher,Yoseph Theolifus"]
[Black "Nakamura,Hi"]
[Result "1/2-1/2"]
[WhiteElo "2451"]
[BlackElo "2813"]

1.e4 c5 2.Nf3 d6 3.d4 cxd4 4.Nxd4 Nf6 5.Nc3 a6 6.Be3 g6 7.f3 Bg7 8.Qd2 h5
9.Bc4 Nbd7 10.Bb3 Qc7 11.O-O-O b5 12.Kb1 Bb7 13.Rhe1 Nb6 14.Bg5 O-O 15.h3 Nc4
16.Qc1 Rac8 17.Bh6 Nxb2 18.Bxg7 Kxg7 19.Ncxb5 axb5 20.Qxb2 b4 21.g4 Qc3 22.Qc1 Rc5
23.Rd3 Qxd3 24.cxd3 Rxc1+ 25.Rxc1 Ba6 26.Bc4 Bb7 27.Bb3 Ba6 28.Bc4 Ra8 29.Bxa6 Rxa6
30.Rc7 Ra3 31.Nb3 hxg4 32.hxg4 e6 33.d4 Ra8 34.Rb7 Nh7 35.Rxb4 Ng5 36.Nd2 Nh3
37.Rb3 Nf4 38.Kb2 d5 39.exd5 exd5 40.Rb7 Ne6 41.Nb3 Ng5 42.Nd2 Ra4 43.f4 Ne6
44.f5 Nxd4 45.fxg6 Kxg6 46.Nb3 Ne6 47.Rd7 Rxg4 48.Rxd5 f5 49.Rd6 Kf7 50.Rd2 f4
51.Kc3 Ng5 52.Rd3 f3 53.Nd2 f2 54.Nf1 Rg1 55.Rd1 Nf3 56.Kd3 Ne5+ 57.Ke2 Rg6
58.Kxf2 Rf6+ 59.Ke2 Ra6 60.Ne3 Rxa2+ 61.Rd2 Ra8 62.Rd5 Ke6 63.Rd2 Rh8 64.Rc2 Rh2+
65.Kd1 Rh1+ 66.Kd2 Nf7 67.Kc3 Nd6 68.Re2 Rh3 69.Kd4 Kd7 70.Nd5 Rh4+ 71.Kc5 Rc4+
72.Kb6 Rc6+ 73.Ka7 Rc5 74.Nb6+ Kc6 75.Ra2 Nb5+ 76.Ka6 Nc7+ 77.Ka7 Nd5 78.Nxd5 Rxd5
79.Ka6 Rd8 80.Ka7 Kd5 81.Rc2 Kd4 82.Rd2+ Ke3 83.Rxd8 Ke4  1/2-1/2

[Event "2nd 3-0 Thu 13th Nov 2025"]
[Site "chess.com INT"]
[Date "2025.11.13"]
[Round "10"]
[White "Bok,B"]
[Black "Nakamura,Hi"]
[Result "0-1"]
[WhiteElo "2588"]
[BlackElo "2813"]

1.d4 Nf6 2.c4 b6 3.Nc3 Bb7 4.Qc2 d5 5.cxd5 Nxd5 6.e4 Nxc3 7.bxc3 g6 8.Nf3 Bg7
9.h4 h6 10.Bc4 e6 11.Ba3 Nd7 12.Rd1 Bf8 13.Bc1 Qe7 14.h5 g5 15.e5 O-O-O 16.a4 f6
17.Qe2 fxe5 18.Nxe5 Nxe5 19.Qxe5 Bxg2 20.Rg1 Bd5 21.Ba6+ Kb8 22.Qxh8 Bg7
23.Qh7 e5 24.Be3 exd4 25.cxd4 Be4 26.Qxe4 Qxe4 27.Be2 Bxd4 28.Kf1 c5 29.Rg4 Qh1+
30.Rg1 Qh3+  0-1